Géographie Extrême : Le Quiz Ultime - Statistiques

Statistiques générales
  • Ce quiz a été pris 133 fois
  • Le résultat moyen est 14 sur 20
Statistiques - réponses
Question Réponse % Correct
Quel est le pays qui n'existe pas ? Saint-Paul-et-Cicéron
94%
Tonga est un pays situé en Océanie. Vrai
93%
La Tunisie fait partie du Maghreb. Vrai
93%
La Mauritanie est un pays méditerranéen. Faux
89%
Quel pays fait partie du Royaume-Uni ? Irlande du Nord
89%
La Bulgarie fait partie de L'Union Européenne. Vrai
82%
Aix-La-Chapelle se situe dans le Sud-Ouest de la France. Faux
81%
En parlant du Suriname, quelle est sa capitale ? Paramaribo
81%
Les Seychelles se situent en Asie. Faux
79%
Zhemgang est la capitale du Bhoutan. Faux
78%
Parmi les propositions suivantes, quelle chaîne de pays ne correspond pas aux Balkans ? Hongrie-Slovaquie-République Tchèque
78%
Kazan est une ville située en Russie. Vrai
70%
Quel pays n'a jamais été une colonie portugaise ? Malaisie
69%
Lequel de ces pays n’a PAS de frontière avec la France ? Guyana
65%
Lequel de ces pays n’est PAS traversé par le Danube ? Pologne
60%
Laquelle de ces villes ne se situe pas en Espagne ? Gironda
52%
Le Mont-Couronné se situe dans les Pyrénées. Faux
47%
Quel pays ne touche pas la mer Rouge ? Ethiopie
40%
Le Timor oriental est traversé par le tropique du Capricorne. Faux
39%
Quel est le pays le plus méridional du monde habité en permanence ? Chili
37%
Aucun quiz correspondant
Distribution des résultats
% des personnes avec chaque résultat
Percentile par nombre de réponses
Votre historique - résultats
Vous n’avez pas pris ce quiz